Statistiques concernant Construire à la religion

Cliquez ici pour prendre le quiz!

Statistiques générales

  • Ce quiz a été pris 80 fois
  • Le résultat moyen est 7 sur 21

Statistiques - réponses

bâtiment Religion % Correct
MosquéeIslam
91%
MinaretIslam
88%
Synagoguejudaïsme
85%
CathédraleChristianisme
77%
BasiliqueChristianisme
70%
ChapelleChristianisme
68%
AbbayeChristianisme
61%
Pagodabouddhisme
32%
Stupabouddhisme
22%
Viharabouddhisme
18%
Candibouddhisme
16%
DargahIslam
16%
Tori-iShintoïsme
14%
Salle du RoyaumeTémoin de Jehovah
14%
Chederjudaïsme
12%
Shuljudaïsme
12%
DaoguanTaoïsme
11%
GongbeiIslam
8%
JinjaShintoïsme
5%
Fire templeZoroastrisme
5%
MithraeumMithraism
3%

Distribution des résultats

Percentile par nombre de réponses

% des personnes avec chaque résultat

Votre développement - résultats

Vous n’avez pas pris ce quiz